000 00397nam a22001817a 4500
003 OSt
005 20220414151015.0
008 220414b |||||||| |||| 00| 0 eng d
020 _a97881265378777
040 _cHU
082 _a005.133
100 _aGregoire Marc
_935899
245 _aProfessional C++
250 _a2ED
260 _aIndia
_bIndia
300 _f1072
942 _2ddc
_cBOOKS
_n0
999 _c34782
_d34782